000 00681nam a2200277Ia 4500
005 20260324115136.0
008 008 260324s9999 xx 000 0 eng d
020 _a9781351028622
037 _aEBOOK
040 _aCRL
040 _beng
040 _cCRL
041 _2eng
041 _aeng
084 _qCRL
100 _aMohammad Monir Uddin
_91153524
245 0 _aComputational Methods for Approximation of Large-Scale Dynamical Systems
260 _bTaylor and Francis
260 _c2019
365 _a
365 _b305
856 _uhttp://www.taylorfrancis.com/books/9781351028622
942 _cEBOOK
999 _c1744187
_d1744187